Statistics for Macedonian car plates

Click here to take the quiz!

General Stats

  • This quiz has been taken 48 times
  • The average score is 23 of 31

Answer Stats

Hint Answer % Correct
SKSkopje
100%
BTBitola
93%
KUKumanovo
88%
OHOhrid
85%
TETetovo
83%
GEGevgelija
80%
SRStrumica
80%
KIKičevo
80%
DBDebar
78%
VEVeles
78%
REResen
78%
PPPrilep
78%
NENegotino
75%
KPKriva Palanka
75%
MBMakedonski Brod
75%
SUStruga
73%
BEBerovo
73%
KAKavadarci
73%
KOKočani
73%
GVGostivar
73%
DKDemir Kapija
73%
STŠtip
70%
DEDelčevo
70%
VIVinica
70%
MKMakedonska Kamenica
68%
RARadoviš
68%
VAValandovo
65%
KRKratovo
53%
PSProbištip
50%
SNSveti Nikole
50%
VVVevčani
45%

Score Distribution

Percentile by Number Answered

Percent of People with Each Score

Your Score History

You have not taken this quiz